| 000 | 00601nam a2200217Ii 4500 | ||
|---|---|---|---|
| 001 | 16731 | ||
| 003 | CO-ViMGA | ||
| 008 | 241108s9999||||xx |||||||||||||| ||und|| | ||
| 020 | _a9789871343300 | ||
| 040 |
_aCO-ViMGA _bspa _erda _cCO-ViMGA |
||
| 041 | 0 | _aspa | |
| 084 | _aC QUI | ||
| 100 | 1 |
_aLaura QuirĂ³s _949468 |
|
| 245 | 1 | 0 | _aGajos de mandarina |
| 264 | 1 | _aBuenos Aires, Argentina : Del Naranjo, 2011 | |
| 300 | _avolumen | ||
| 336 |
_atext _btxt _2rdacontent |
||
| 337 |
_aunmediated _bn _2rdamedia |
||
| 338 |
_avolume _bnc _2rdacarrier |
||
| 940 | _aidficha_siabuc: 16400. -- ficha_no_siabuc:16731 | ||
| 999 |
_c44134 _d44134 |
||